|
|
|
|
| LEADER |
01545nam a22003497a 4500 |
| 001 |
34625 |
| 003 |
BD-DhAAL |
| 005 |
20231107132420.0 |
| 008 |
190506r20192017ii a b 001 0 eng d |
| 010 |
|
|
|a 2015458056
|
| 020 |
|
|
|a 9789332582699
|
| 035 |
|
|
|a (OCoLC)ocn907941065
|
| 040 |
|
|
|a BD-DhAAL
|
| 042 |
|
|
|a lccopycat
|
| 050 |
0 |
0 |
|a QA76.758
|b .S657 2016
|
| 082 |
0 |
4 |
|a 005.1
|2 23
|
| 100 |
1 |
|
|a Sommerville, Ian,
|d 1951-
|9 31498
|
| 245 |
1 |
0 |
|a Software engineering /
|c Ian Sommerville.
|
| 250 |
|
|
|a Tenth edition.
|
| 260 |
|
|
|a India :
|b Pearson,
|c c2017 [fifth impression 2019]
|
| 300 |
|
|
|a 808 pages :
|b illustrations ;
|c 23 cm.
|
| 504 |
|
|
|a Includes bibliographical references and indexes.
|
| 505 |
0 |
|
|a lntroduction to software engineering -- System Dependability and security -- Advanced software engineering -- Software management.
|
| 526 |
|
|
|a CSE
|
| 541 |
|
|
|a Mullick & Brothers, Book Finder International
|e 34625, 41941
|
| 650 |
|
0 |
|a Software engineering.
|9 31499
|
| 650 |
|
0 |
|a Computer science.
|9 42539
|
| 852 |
|
|
|a Ayesha Abed Library
|c General Stacks
|
| 942 |
|
|
|2 ddc
|c BK
|
| 999 |
|
|
|c 40714
|d 40714
|
| 952 |
|
|
|0 0
|1 0
|2 ddc
|4 0
|6 005_100000000000000_SOM
|7 0
|9 65402
|a BRACUL
|b BRACUL
|c GEN
|d 2019-04-24
|e Mullick & Brothers
|g 1066.00
|l 10
|m 61
|o 005.1 SOM
|p 3010034625
|q 2026-05-14
|r 2026-03-08
|s 2026-03-08
|t 1
|v 1066.00
|w 2019-04-24
|y BK
|
| 952 |
|
|
|0 0
|1 0
|2 ddc
|4 0
|6 005_100000000000000_SOM
|7 0
|9 74607
|a BRACUL
|b BRACUL
|c GEN
|d 2023-10-17
|e Book Finder International
|g 1537.14
|l 5
|m 37
|o 005.1 SOM
|p 3010041941
|r 2026-02-24
|s 2026-02-17
|t 2
|v 1537.14
|w 2023-10-17
|y BK
|